000 00886nam a2200277 i 4500
001 60362
003 CO-BoRNBP
005 20260128223352.0
007 ta
008 260128s2006 ck a|||| |||| 00| 0 eng d
020 _a9589784569
040 _aCO-BoRNBP
_bspa
_cCO-BoRNBP
_drda
084 _aC VEG
245 _aHay un tesoro en el jardín /
_cMaría Teresa De La Vega
250 _aPrimera edición
264 _aBogotá, Colombia
_bEn Tela SAS
_c2006
300 _a18 Páginas,
_b100% algodón antialérgico lavable no tóxico,
_c26 cm
336 _2rdacontent
_atexto
_btxt
337 _2rdamedia
_asin mediación
_bn
338 _2rdacarrier
_avolumen
_bnc
650 _2LEMB
_aLiteratura infantil
_92746
650 _2LEMB
_aCuento infantil
_916411
650 _2LEMB
_aJardín
_vinsectos
_968428
700 _aDe La Vega, María Teresa
_eilustraciones
_968429
942 _2ddc
_cBKLITI
999 _c60362
_d60362